The Mystery Of The Squarest Country – The Entire Lyrics - Statistics

General Stats
  • This quiz has been taken 265 times
  • The average score is 495 of 1145
Answer Stats
Lyrics % Correct
a
89%
I
88%
L
81%
the
81%
The
81%
count
78%
country?
75%
country
75%
is
74%
Is
74%
No
74%
No,
74%
no
74%
no,
74%
so
74%
So
74%
square
74%
square?
74%
square,
74%
an
73%
of
72%
Of
72%
to
70%
be
69%
can
69%
in
69%
In
69%
it
68%
It
68%
on
68%
us
65%
we
64%
And
63%
and
63%
You
63%
you
63%
do
62%
squares
61%
Squares
61%
square's
61%
What
59%
not
58%
Not
58%
Go
56%
go
56%
then
56%
Then
56%
thin
56%
thin,
56%
are
55%
Are
55%
Too
54%
too
54%
as
53%
As
53%
like
53%
Like
53%
nor
53%
Nor
53%
Some
53%
some
53%
squarest
53%
Slovakia?
52%
all
51%
Canada
51%
see
51%
See
51%
there
51%
There
51%
Guinea
49%
Guinea?
49%
long
49%
Long
49%
USA
49%
North
48%
north
48%
South
48%
south
48%
UK
48%
When
48%
where
48%
But
47%
but
47%
it's
47%
It's
47%
look
47%
or
47%
Bangladesh?
46%
Bangladesh
46%
Countries,
46%
countries
46%
France
46%
Georgia?
46%
has
46%
have
46%
New
46%
one
46%
That
46%
that
46%
China,
45%
shape
45%
Sudan?
45%
Sudan
45%
bean
44%
if
44%
If
44%
Israel
44%
round
44%
yes,
44%
Yes,
44%
by
43%
Iran
43%
island
43%
land
43%
Mali
43%
most
43%
San
43%
think
43%
does
42%
Malaysia?
42%
Malaysia
42%
Oman
42%
don't
41%
Don't
41%
east
41%
far
41%
Far
41%
Ghana?
41%
Japan
41%
looks
41%
Macedonia?
41%
Mexico?
41%
This
41%
this
41%
with
41%
With
41%
Finland,
40%
Gabon
40%
here
40%
Here
40%
Peru
40%
Poland
40%
Spain
40%
UAE
40%
Benin
39%
Brazil
39%
El
39%
every
39%
Ireland
39%
Kuwait
39%
Lebanon?
39%
Mauritius,
39%
more
39%
Norway,
39%
Portugal?
39%
Sweden
39%
Togo?
39%
Vatican?
39%
which
39%
Costa
38%
Denmark,
38%
Dominica
38%
islands
38%
Islands
38%
Islands,
38%
Republic
38%
Singapore,
38%
about
37%
Chad
37%
Guatemala
37%
Madagascar
37%
Papua
37%
Rica,
37%
states
37%
Switzerland
37%
very
37%
very,
37%
Very
37%
Brunei,
36%
Cyprus
36%
Equatorial
36%
Ethiopia
36%
Iraq
36%
know
36%
Koreas
36%
Libya
36%
Nepal
36%
Panama
36%
Qatar
36%
rectangle
36%
Suriname
36%
Turkey
36%
two
36%
Uzbekistan
36%
Venezuela,
36%
would
36%
at
35%
Burundi
35%
can't
35%
circle
35%
Kazakhstan
35%
Leone
35%
Niger
35%
our
35%
question
35%
sea:
35%
Your
35%
your
35%
Andorra,
34%
Antigua
34%
both
34%
Both
34%
Burkina
34%
Dominican
34%
Faso
34%
Honduras
34%
Iceland,
34%
I'm
34%
little
34%
Little
34%
many
34%
Mari
34%
Mozambique
34%
must
34%
Nicaragua
34%
Philippines,
34%
right
34%
Saint
34%
short
34%
Sierra
34%
Vincent
34%
we're
34%
were
34%
We're
34%
Zealand
34%
Austria
33%
Bolivia
33%
Ecuador
33%
Egyptians!
33%
Greece
33%
Kosovo!
33%
Liberia?
33%
Liechtenstein
33%
Marino?
33%
Moldova?
33%
Mongolia
33%
Morocco
33%
Netherlands
33%
Nigeria
33%
only
33%
Only
33%
Rwanda?
33%
Thailand
33%
Timor
33%
Trinidad
33%
Ukraine,
33%
wizard
33%
Zimbabwe
33%
Barbuda,
32%
everything
32%
Haiti,
32%
off
32%
Slovenia's
32%
Uruguay,
32%
Vietnam
32%
well
32%
Well
32%
Yemen's
32%
Albania
31%
Algeria
31%
Angola
31%
Azerbaijan
31%
Belgium,
31%
Belize
31%
CAR
31%
country's
31%
Eswatini
31%
Kitts
31%
least
31%
Malta
31%
Namibia
31%
nation
31%
near,
31%
Russia's
31%
Seychelles
31%
There's
31%
these
31%
Tobago,
31%
Afghanistan,
30%
big
30%
Bosnia
30%
Eritrea
30%
Estonia
30%
going
30%
got
30%
Grenadines,
30%
India's
30%
Kiribati?
30%
Lithuania
30%
Marshall
30%
Solomon
30%
Their
30%
Tonga,
30%
Australia's
29%
Bahrain
29%
been
29%
Belarus,
29%
Cameroon
29%
Croatia
29%
Cuba's
29%
Czechia,
29%
Gambia,
29%
Kenya
29%
Latvia,
29%
Lucia,
29%
Nevis
29%
São
29%
stupid
29%
them
29%
Tunisia
29%
Tuvalu
29%
Uganda
29%
will
29%
Zambia
29%
Bahamas,
28%
Barbados,
28%
diamond
28%
Fiji
28%
Grenada,
28%
hexagon
28%
Maldives,
28%
Micronesia,
28%
Paraguay's
28%
quite
28%
Serbia,
28%
sides
28%
Sri
28%
tall
28%
Tomé
28%
Vanuatu!
28%
Cape
27%
Chile's
27%
Doesn't
27%
doesn't
27%
Leaf
27%
lean
27%
Mauritania's
27%
Pakistan
27%
Palau
27%
Senegal?
27%
squat
27%
they're
27%
They're
27%
through
27%
Verde,
27%
asking
26%
boot
26%
Cambodia,
26%
Comoros
26%
from
26%
Hungary,
26%
large
26%
Malawi's
26%
Turkmenistan
26%
edge
25%
goes
25%
Herzegovina
25%
jamaica,
25%
just
25%
pot
25%
skinny
25%
won't
25%
Bhutan
24%
close
24%
Guyana's
24%
Italy's
24%
Leste?
24%
Nauru's
24%
never
24%
old
24%
Romania
24%
Somalia's
24%
Someone's
24%
somewhere
24%
aware
23%
bit
23%
bit:
23%
cat
23%
Djibouti,
23%
dog
23%
edges
23%
Edges
23%
hell
23%
Indonesia's
23%
list:
23%
nearly
23%
Nearly
23%
nothing
23%
other
23%
Príncipe,
23%
real
23%
silly
23%
Sphinx
23%
straight
23%
though
23%
Though
23%
tiny
23%
borders
22%
Borders
22%
Cote
22%
counting
22%
heart
22%
Jordan's
22%
mouth
22%
Tanzania,
22%
angles
21%
Angle's
21%
because
21%
blob
21%
Bulgaria's
21%
come
21%
emailed
21%
good
21%
great
21%
Jay,
21%
Jay
21%
known
21%
Lesotho's
21%
might
21%
Monaco's
21%
much
21%
Myanmar's
21%
Now
21%
ocean
21%
starts
21%
Totally
21%
Botswana's
20%
cannot
20%
even
20%
fit
20%
irregular
20%
over
20%
pointless
20%
seriously
20%
Tajikistan's
20%
thumb
20%
Africa's
19%
amounts
19%
best
19%
Cleopatra
19%
Colombia's
19%
Congo's
19%
d'Ivoire
19%
down
19%
fact
19%
Four-sided
19%
Germans
19%
Guinea-Bissau's
19%
important
19%
kind
19%
Kyrgyzstan's
19%
left
19%
mean
19%
pig
19%
sock
19%
splot
19%
stand
19%
strongly
19%
stuck
19%
Syria's
19%
that's
19%
turtle
19%
bird
18%
famously
18%
fourth
18%
hope
18%
invaded
18%
joined
18%
lot
18%
nations
18%
needs
18%
Pharaohs
18%
really
18%
rock
18%
Run
18%
seahorse
18%
squarish
18%
test
18%
third
18%
Vati-can't
18%
'cause
17%
Guinea's
17%
made
17%
pass
17%
potato
17%
shapes
17%
Sitting
17%
something
17%
thousand
17%
weathered
17%
wedges
17%
3D
16%
capital's
16%
coastline
16%
couldn't
16%
each
16%
flat
16%
huge
16%
Iberia
16%
landlocked
16%
Lanka's
16%
make
16%
Montenegro's
16%
paradigm
16%
rectangular
16%
reject
16%
Salvador's
16%
Samoa's
16%
sideways
16%
witch
16%
although
15%
Although
15%
another
15%
aren't
15%
Argentines
15%
bat
15%
chicken
15%
easy
15%
Hm..
15%
impressed
15%
Luxembourgers
15%
mostly
15%
ones
15%
reflect
15%
rounder
15%
Saudis?
15%
winner
15%
Armenian
14%
blobby
14%
contest
14%
Despite
14%
elephant
14%
empty
14%
enough
14%
foxy
14%
ghost
14%
Greenland's
14%
job
14%
Laotian
14%
Listing
14%
meet
14%
piers
14%
within
14%
you'll
14%
alas
13%
around
13%
boxy
13%
coming
13%
criteria
13%
DRC's
13%
efficiency
13%
eighteen
13%
exam
13%
hmm
13%
lakes
13%
Leno
13%
lines
13%
parallelogram
13%
resting
13%
Since
13%
snakes
13%
sort
13%
squareness
13%
stair
13%
sure
13%
triangular
13%
truck
13%
unfortunately
13%
whose
13%
Whose
13%
wobbly
13%
bumpy
12%
crinkly
12%
Fitting
12%
flounder
12%
incredibly
12%
loads
12%
lumpy
12%
rude
12%
slightly
12%
sticky-outy
12%
add
11%
Alone's
11%
badonkadonk
11%
behind
11%
butterfly
11%
compiled
11%
duck
11%
expanded
11%
flight
11%
funky
11%
genie
11%
head-shaped
11%
improved
11%
massively
11%
parts
11%
quick
11%
removed
11%
rhyme!
11%
Rotate
11%
rough
11%
shooting
11%
Sudanese
11%
things
11%
tight
11%
Viewed
11%
Wings
11%
below
10%
creatures
10%
degrees
10%
gist
10%
pentagons
10%
rather
10%
tapers
10%
While
10%
bit's
9%
comes
9%
inevitably
9%
monkey
9%
raindrop
9%
star's
9%
wonk
9%
you've
9%
efficient
8%
following
8%
glued
8%
jellyfish
8%
knobbly
8%
prescriptions
8%
slant
8%
bulges
7%
wrap
7%
slopey
4%
No matching quizzes found
Score Distribution
Percent of People with Each Score
Percentile by Number Answered
Your Score History
You have not taken this quiz